The making of the creeds (Record no. 22454)

MARC details
000 -LEADER
fixed length control field 00460cam a2200169 a 4500
020 ## - INTERNATIONAL STANDARD BOOK NUMBER
ISBN 0334024889 :
082 00 - DEWEY DECIMAL CLASSIFICATION NUMBER
Classification number 238.11
Author Cutter YOU
100 1# - MAIN ENTRY--AUTHOR NAME
Author name Young, Frances M.
245 14 - TITLE STATEMENT
Title The making of the creeds
260 ## - PUBLICATION, DISTRIBUTION, ETC. (IMPRINT)
Place of publication London :
Name of publisher SCM Press ;
Place of publication Philadelphia :
Name of publisher Trinity Press International,
Year of publication 1991.
300 ## - PHYSICAL DESCRIPTION
Number of Pages xii, 115 p. :
Other physical details ill. ;
650 #0 - SUBJECT ADDED ENTRY--TOPICAL TERM
Topical Term Rule of faith.
650 #0 - SUBJECT ADDED ENTRY--TOPICAL TERM
Topical Term Theology, Doctrinal.
650 #0 - SUBJECT ADDED ENTRY--TOPICAL TERM
Topical Term Theology, Doctrinal
942 ## - ADDED ENTRY ELEMENTS (KOHA)
Koha item type Books
Holdings
Home library Current library Shelving location Date acquired Full call number Accession Number Koha item type
Henry Martyn Institute Library Henry Martyn Institute Library General stacks 10/31/2018 238.11 YOU 11003824 Books
                   Copyright © 2026 | Henry Martyn Institute | Hyderabad | TS-500052 | INDIA | Implemented by hmi.edu.in
Hit-Count:

Powered by Koha